| 000 | 01372cam a2200265 a 4500 | ||
|---|---|---|---|
| 001 | 78411 | ||
| 003 | BD-RjUL | ||
| 005 | 20211209083127.0 | ||
| 008 | 011212s1933 su b 00010 ara d | ||
| 020 | _a9960660710 | ||
| 035 | _a(BD-RjUL)78637 | ||
| 040 |
_aDLC-R _cDLC-R _dMiU _beng |
||
| 041 | _aara | ||
| 043 | _aa-su--- | ||
| 066 | _c(3 | ||
| 082 |
_223 _a297.35209 _bBAT 1933 |
||
| 100 | 1 |
_aباسلامة، حسين عبد الله;; Bāsalāmah, Ḥusayn ʿAbd Allāh, _d1881-1944. _9248149 |
|
| 245 | 1 | 0 |
_aتاريخ الكعبة المعظمة : ;; Tārīkh al-Kaʿbah al-muʿaẓẓamah : _bعمارتها وكسوتها وسدانتها ;; imāratuhā wa-kiswatuhā wa-sadānatuhā / _cحسين عبد الله باسلامة.;; Ḥusayn ʿAbd Allāh Bāsalāmah. |
| 260 |
_aجدة، السعودية : _bالمملكة العربية السعودية، الأمانة العامة للاحتفال بمرور مائة عام على تأسيس المملكة، ;; al-Mamlakah al-ʿArabīyah al-Saʿūdīyah, al-Amānah al-ʿĀmmah lil-Iḥtifāl bi-Murūr Miʼat ʿĀm ʿalá Taʼsīs al-Mamlakah, _c1933[1354] |
||
| 300 |
_a401 p. : _billus. ; _c25 cm. |
||
| 520 | _aKaʿbah; Islamic shrines; Mecca (Saudi Arabia); history. | ||
| 610 | 2 | 0 |
_aMasjid al-Ḥarām. _9248153 |
| 650 | 0 |
_aIslamic shrines _zSaudi Arabia _zMecca _xHistory. _9248151 |
|
| 942 |
_2ddc _cBK |
||
| 999 |
_c78411 _d78411 |
||